banner koha

Orthotrichaceae e Rhizogoniaceae (Bryophyta - Bryopsida) do Parque Estadual das Sete Passagens, Bahia, Brasil (Registro n. 328657)

MARC details
000 -LÍDER
fixed length control field 02432nab a2200265 i 4500
003 - CÓDIGO MARC DA AGÊNCIA CATALOGADORA
Campo de controle BR-BrBNA
005 - DATA E HORA DA ÚLTIMA ATUALIZAÇÃO
Campo de controle 20241114161408.0
008 - CAMPO DE TAMANHO FIXO
fixed length control field 241114b2009 bl.qr|pooa||| 00| 0 por |
040 ## - FONTE DA CATALOGAÇÃO
Agência catalogadora BR-BrBNA
Idioma da catalogação por
072 ## - CATEGORIA AGRIS
Código AGRIS F70
100 ## - ENTRADA PRINCIPAL - NOME PESSOAL
Nome pessoal Ballejos, Jana
100 ## - ENTRADA PRINCIPAL - NOME PESSOAL
Nome pessoal Bastos, Cid José Passos
245 ## - TÍTULO PRINCIPAL
Título principal Orthotrichaceae e Rhizogoniaceae (Bryophyta - Bryopsida) do Parque Estadual das Sete Passagens, Bahia, Brasil
500 ## - NOTA GERAL
Nota geral Publicação on-line; 21 ref.; 2 illus.; Summaries (En, Pt)
942 ## - ADDED ENTRY ELEMENTS (KOHA)
Koha item type Analítica
520 ## - NOTA DE RESUMO
Nota de conteúdo <br/><br/>RESUMO<br/><br/>(Orthotrichaceae e Rhizogoniaceae (Bryophyta - Bryopsida) do Parque Estadual das Sete Passagens, Bahia, Brasil)<br/>Orthotrichaceae e Rhizogoniaceae são representadas no Parque Estadual das Sete Passagens por 14 espécies<br/>distribuídas em cinco gêneros (quatro de Orthotrichaceae e um de Rhizogoniaceae). Destas espécies, quatro<br/>representam novas citações para o estado da Bahia, sendo três novas para a região Nordeste. Ilustrações são<br/>apresentadas somente para as primeiras referências. Caracterização morfológica, comentários, grupos<br/>briocenológicos, ambiente, distribuição geográfica no mundo e no Brasil são apresentados para todas as espécies.<br/><br/>Palavras-chave: Bryophyta, Bryopsida, Orthotrichaceae, Rhyzogoniaceae, florística
520 ## - NOTA DE RESUMO
Nota de conteúdo <br/><br/>ABSTRACT<br/><br/>(Orthotrichaceae and Rhizogoniaceae (Bryophyta - Bryopsida) from State Park of Sete Passagens, Bahia, Brazil)<br/>Orthotrichaceae and Rhizogoniaceae are represented at Parque Estadual das Sete Passagens by 14 species<br/>classified in five genera (four from Orthotrichaceae and one Rhizogoniaceae). Among the species, four are<br/>firstly reported for Bahia, which three are new for northeast region. Illustrations are given for only species<br/>which are being reported for the first time. Morphologic characterization, comments, geographic distribution<br/>in world and in Brazil were given for all the species.<br/><br/>Key words: Bryophyta, Bryopsida, Orthotrichaceae, Rhyzogoniaceae, floristic.<br/>
650 ## - ASSUNTO - THESAGRO
Cabeçalho tópico ou nome geográfico MUSGO
650 ## - ASSUNTO - THESAGRO
Cabeçalho tópico ou nome geográfico COMPOSIÇÃO BOTÂNICA
650 ## - ASSUNTO - THESAGRO
Cabeçalho tópico ou nome geográfico BAHIA
650 ## - ASSUNTO - THESAGRO
Cabeçalho tópico ou nome geográfico BRASIL
773 0# - ENTRADA ANALÍTICA
Host Biblionumber 709
Registro do item 346384
Imprenta Rio de Janeiro-RJ Jardim Botanico do Rio de Janeiro 1935
Outro identificador 2024-7053
Título Rodriguésia (Brazil)
ISSN 0370-6583; 2175-7860 on-line
Colação v. 60(4) p. 723-733; (2009)
Número de controle de registro BR2024003572
856 ## - ACESSO E ENDEREÇO ELETRÔNICO
Identificador uniforme de recurso - URI https://www.scielo.br/j/rod/a/FYtjCLtyNJcXTCjqPcVL3QP/?format=pdf&lang=pt

Nenhum exemplar disponível.

BINAGRI

Telefone: (61)3218-2567/2388/3357/2097 - binagri@agro.gov.br

Ministério da Agricultura e Pecuária , Esplanada dos Ministérios, Bloco D, Anexo B, Brasília/DF, CEP: 70.043-900